00618 2200217 4500001002100000005001500021035002000036245009900056100002600155250000600181300003500187700001800222260003800240082001100278084001700289020002200306650002100328990001700349990001700366990001700383INLIS00000000000034220181006024740 a0010-10180000321 aTata Bahasa Arab :bIlmu Tentang Asal Kata /cSyekh Muhammad 'Alisy; Penerjemah, Yusuf Hamdani0 aSyekh Muhammad 'Alisy a- aiv, 44 hlm. :bilus. ;c25 cm.0 aYusuf Hamdani aSurabaya :bCV Al Maktabah,c2009 a492.75 a492.75 SYE t a978-979-049-317-9 aTata Bahasa Arab a01385/P/2018 a01386/P/2018 a01387/P/2018